Advanced mathematics for engineers with applications in stochastic processes (Record no. 161997)

MARC details
000 -LEADER
fixed length control field 00433nam a2200145Ia 4500
008 - FIXED-LENGTH DATA ELEMENTS--GENERAL INFORMATION
fixed length control field 230917s9999||||xx |||||||||||||| ||und||
040 ## - CATALOGING SOURCE
-- 186383
Original cataloging agency VIVEKANANDA LIBRARY
041 ## - Language
-- English
082 ## - DDC NUMBER
Classification number 510.2462 H123A
100 ## - MAIN ENTRY--PERSONAL NAME
Personal name Haghighi, Aliakbar Montazer
245 #0 - TITLE STATEMENT
Title Advanced mathematics for engineers with applications in stochastic processes
260 ## - PUBLICATION, DISTRIBUTION, ETC. (IMPRINT)
Place of publication, distribution, etc New York
Name of publisher, distributor, etc Nova Science Publishers
Date of publication, distribution, etc 2010
300 ## - PHYSICAL DESCRIPTION
Pages xi, 550 p.
942 ## - ADDED ENTRY ELEMENTS (KOHA)
Koha item type Books
Holdings
Withdrawn status Lost status Damaged status Not for loan Location (home branch) Sublocation or collection (holding branch) Date acquired Koha issues (times borrowed) Koha full call number Accession No. Koha date last seen Koha item type
        VIVEKANANDA LIBRARY VIVEKANANDA LIBRARY 09/07/2011   510.2462 H123A 296916 17/09/2023 Books
© Designed and Maintained by Vivekananda Library, MDU Rohtak